| 000 | 00464 a2200145 4500 | ||
|---|---|---|---|
| 020 | _a0727731726 | ||
| 082 | _a620.1122 HEC | ||
| 082 | 0 | 4 |
_a620.1122 _bHEC |
| 100 | _aHeckroodt, R. O. | ||
| 245 |
_aGuide to the deterioration and failure of building materials / _cR.O. Heckroodt. |
||
| 260 |
_aLondon : _bThomas Telford, _c2002. |
||
| 300 |
_avi, 163 p. : _bill. ; _c24 cm. |
||
| 650 |
_aBuilding materials _xDeterioration. |
||
| 650 | _aBuilding materials. | ||
| 650 |
_aMaterials _xDeterioration. |
||
| 999 |
_c1336 _d1336 |
||